| 000 | 00758nam a22002532a 4500 | ||
|---|---|---|---|
| 001 | 76040 | ||
| 003 | BD-RjUL | ||
| 005 | 20211209082759.0 | ||
| 008 | 191015s1966 enkfh 000 0 eng u | ||
| 035 | _a(BD-RjUL)76259 | ||
| 040 |
_aASC _dOCL _dBD-RjUL _cBD-RjUL _beng |
||
| 041 | _aeng | ||
| 082 |
_a821.8 _223 _bHUG 1966 |
||
| 100 | 1 |
_aHunter, Jim, _d1939 June 24- _9233731 |
|
| 245 | 1 | 0 |
_aGerard Manley Hopkins / _cJim Hunter |
| 260 |
_aLondon : _bEvans Brothers Ltd. , _c1966 |
||
| 300 |
_a160 p. : _bIll. ; _c19 cm |
||
| 490 | 1 | _aLiterature in perspective | |
| 504 | _aBibliography: p. 156-157 | ||
| 600 | 1 | 0 |
_aHopkins, Gerard Manley, _d1844-1889. _9233736 |
| 830 | 0 |
_aLiterature in perspective _9233737 |
|
| 942 |
_2ddc _cRAR |
||
| 999 |
_c76040 _d76040 |
||